Statistics for Anime OP Quiz

Click here to take the quiz!

General Stats

  • This quiz has been taken 346 times
    (287 since last reset)
  • The average score is 30 of 81

Answer Stats

OP NameAnswer% Correct
SilhouetteNaruto Shippuden
94%
UnravelTokyo Ghoul
94%
GurengeDemon Slayer
89%
Guren no YumiyaAttack on Titan
87%
Crossing FieldSword Art Online
85%
The Hero!!One Punch Man
82%
ODD FUTUREMy Hero Academia
80%
InfernoFire Force
79%
BLOODY STREAMJojo's Bizarre Adventure
74%
Fly HighHaikyuu!!
73%
Kyouran Hey Kids!!Noragami
73%
My Soul, Your BeatsAngel Beats
69%
Kaikai KitanJujutsu Kaisen
68%
COLORSCode Geass
67%
Snow FairyFairy Tail
67%
Good Morning World!Dr. Stone
66%
The WORLDDeath Note
63%
AgainFullmetal Alchemist: Brotherhood
63%
Hacking to the GateSteins;Gate
61%
Renai CirculationBakemonogatari
60%
Long ShotRe:ZERO
59%
Ranbu no MelodyBleach
57%
Super PowersOne Piece
53%
XY&ZPokémon
53%
99Mob Psycho 100
49%
Re:Re:Erased
46%
Brave ShineFate/stay night: Unlimited Blade Works
46%
PapermoonSoul Eater
46%
FlyersDeath Parade
44%
VoracityOverlord
44%
Kimi no SeiRascal Does Not Dream of Bunny Girl Senpai
44%
QUESTIONAssassination Classroom
43%
Haruka MiraiBlack Clover
41%
Genkai Toppa X SurvivorDragon Ball Super
41%
History MakersYuri on Ice
41%
Sorairo DaysTengen Toppa Gurren Lagann
39%
TankCowboy Bebop
38%
My DearestGuilty Crown
38%
Nanairo SymphonyYour Lie in April
38%
Deal with the DevilKakegurui
36%
CentimeterRent-a-Girlfriend
35%
ROB THE FRONTIERThe Seven Deadly Sins
34%
Core PrideBlue Exorcist
33%
RiseThe Rising of the Shield Hero
32%
Kawaki wo AmekuDomestic Girlfriend
29%
MukanjyoVinland Saga
28%
DATABASELog Horizon
25%
Bravely YouCharlotte
23%
CinderellaKomi Can't Communicate
22%
The Other SelfKuroko's Basketball
21%
Hello,worldBlood Blockade Battlefront
20%
KaenDororo
20%
AbnormalizePsycho Pass
19%
ContradictionThe God of High School
19%
IdentityThe Promised Neverland
19%
TOPTower of God
17%
YumetourouYour Name
17%
X.U.Seraph of the End
16%
Kanashii UreshiiLove and Lies
15%
Kyoukaisen86
14%
Caste RoomClassroom of the Elite
14%
ButtonReLIFE
13%
MegurumonoThat Time I Got Reincarnated as a Slime
11%
Pink BloodTo Your Eternity
11%
Seven DoorsTrinity Seven
11%
gravityWallRe:CREATORS
9%
Shadow is the LightA Certain Scientific Accelerator
8%
Dark SunPersona 5 the Animation
8%
CHAINDarwin's Game
7%
ParadiseSK8
7%
FlareArifureta
6%
Dream of LifeBakuman
5%
Ashita no HikariWorld Trigger
5%
Jinsei Easy?Bottom Tier Character Tomozaki-kun
3%
Knew dayGrimgar of Fantasy and Ash
3%
SensePlatinum End
3%
These are not my words, they are our wordsThe Heroic Legend of Arslan
3%
syncTwin Star Exorcists
3%
NarakuRadiant
2%
Forget-Me-NotRe-Main
2%
CAPTUREKabukichou Sherlock
1%

Score Distribution

Percentile by Number Answered

Percent of People with Each Score

Your Score History

You have not taken this quiz since the last reset